Informácia o projekte Svetovej banky o uplatňovaní všeobecne uznávaných noriem a zákonov (ROSC) v podmienkach Slovenskej republiky
Potreba vzniku projektu ROSC. Nedostatok adekvátnych finančných informácií na mnohých trhoch sveta, ktoré vedú k neobjektívnemu hodnoteniu finančných rizík a prijímaniu rozhodnutí na globálnych trhoch. Vznik Medzinárodného fóra pre rozvoj účtovníctva IFAD. Členovia IFAD. Na Slovensku následne vznikl...
Guardado en:
| Autor principal: | |
|---|---|
| Formato: | Capítulo de libro |
| Lenguaje: | eslovaco |
| Materias: | |
| Etiquetas: |
Sin Etiquetas, Sea el primero en etiquetar este registro!
|
MARC
| LEADER | 00000naa a2200000 4500 | ||
|---|---|---|---|
| 001 | r042065 | ||
| 005 | 20231002073603.0 | ||
| 041 | 0 | |a slo | |
| 044 | |a SK | ||
| 245 | 1 | 0 | |a Informácia o projekte Svetovej banky o uplatňovaní všeobecne uznávaných noriem a zákonov (ROSC) v podmienkach Slovenskej republiky |c Ivan Bošela |
| 520 | |a Potreba vzniku projektu ROSC. Nedostatok adekvátnych finančných informácií na mnohých trhoch sveta, ktoré vedú k neobjektívnemu hodnoteniu finančných rizík a prijímaniu rozhodnutí na globálnych trhoch. Vznik Medzinárodného fóra pre rozvoj účtovníctva IFAD. Členovia IFAD. Na Slovensku následne vznikla Národná riadiaca komisia. SR bola vybratá Svetovou bankou ako pilotná krajina na overenie postupov implementácie Vízie na úrovni krajiny v základných komponentoch finančného vykazovania. | ||
| 610 | 2 | 0 | |a informácie |
| 610 | 2 | 0 | |a financie |
| 610 | 2 | 0 | |a účtovníctvo |
| 610 | 2 | 0 | |a audítorstvo |
| 610 | 2 | 0 | |a výkazy finančné |
| 610 | 2 | 0 | |a riziko |
| 610 | 2 | 0 | |a normy |
| 610 | 2 | 0 | |a zákony |
| 610 | 2 | 0 | |a Slovensko |
| 610 | 2 | 0 | |a svet |
| 610 | 2 | 0 | |a Svetová banka |
| 610 | 2 | 0 | |a projekty |
| 100 | 1 | |a Bošela, Ivan | |